00390cam a2200157ua 45000010005000000080039000050200015000440400009000590410008000680820010000761000025000862450056001112600031001673000010001986530024002089962170209n ii |||gr||||Z||||||eng a8127210617 cMAIN aeng a332.4 aPaul. R.R.,eAuthor. aMoney banking and international tradecBy R.R. Paul aLudhiana:bKalyani,c2005. a214D. aFinancial economics